1484 1951 1373 1340 1330 1960 1151 1749 1517 1597 1968 1950 1797 1464 1582 1899 1729 1282 1832 1949 1297 1583 1241 1392 1897 1807 1523 1381 1086 1244 1485 1735 1993 1316 1639 1986 1171 1384 1901 1171 1766 1661 1734 1609 1887 1489 1997 1587 1240 1813 1167 1815 1366 1752 1975 1063 1901 1030 1767 1454 1493 1025 1166 1479 1514 1284 1088 1020 1297 1722 1696 1012 1509 1231 1683 1929 1629 1667 1566 1201 1436 1762 1584 1980 1554 1153 1485 1847 1209 1270 1764 1069 1153 1187 1881 1800 1874 1841 1344 BCNSPRNW ULIB Ver.6.0+V

เปลี่ยนเป็นภาษาไทย

Change to English
 แสดงรายละเอียดบรรณานุกรม
  กลับหน้าหลัก

Brief Record : Get Marc (ISO 2709) : E-mail record : QR code < ปิดหน้าต่าง
LEADER : 00000nam 2200000uu 4500
001    13399128325
003     ULIB
008    230609s2565||||th 000 0 tha d
020    ^a9786163986986
060 04 ^aWY157^bก492
245 00 ^aการพยาบาลและการผดุงครรภ์ :^bสตรีที่มีภาวะเสี่ยงและภาวะแทรกซ้อน /^cบรรณาธิการ, ปิยะภรณ์ ประสิทธิ์วัฒนเสรี
250    ^aพิมพ์ครั้งที่ 2
260    ^aเชียงใหม่ :^bคณะพยาบาลศาสตร์ มหาวิทยาลัยเชียงใหม่,^c2565
300    ^a(7), 602 หน้า ;^c26 ซม.
650  4 ^aภาวะแทรกซ้อนขณะมีครรภ์
650  4 ^aการผดุงครรภ์
650  4 ^aการพยาบาล
650  4 ^aการพยาบาลสูติศาสตร์
650  4 ^aอนามัยแม่และเด็ก^xการพยาบาล
700 0  ^aปิยะภรณ์ ประสิทธิ์วัฒนเสรี,^eบรรณาธิการ
710 2  ^aมหาวิทยาลัยเชียงใหม่. ^bคณะพยาบาลศาสตร์
945    ^p450^l0^i29543
945    ^p450^l0^i29544
945    ^p450^l0^i29545
945    ^p450^l0^i29546
945    ^p450^l0^i29547
999    ^aกัณชพร จุลอักษร
รายการนี้ยังไม่มีแท็ก
คุณยังไม่ได้ล็อกอิน คุณสามารถมีกิจกรรมร่วมกับเว็บไซต์ได้ แต่ต้องล็อกอินก่อน ::
  ล็อกอิน

รายการสื่อสารสนเทศ

ลำดับที่ ประเภท เลขเรียก/บาร์โค้ด สถานที่ สถานะ
1. หนังสือสำรอง
หนังสือสำรอง
WY157 ก492 ฉ.1 
  Barcode: 29543
ห้องสมุดวิทยาเขตนครสวรรค์
►หนังสือทั่วไป:l:General Books
ถูกยืม กำหนดส่งวันที่ 9 กรกฎาคม 2566
  จอง
2. วิทยาศาสตร์การแพทย์ และสุขภาพ
วิทยาศาสตร์การแพทย์ และสุขภาพ
WY157 ก492 ฉ.2 
  Barcode: 29544
ห้องสมุดวิทยาเขตนครสวรรค์
►หนังสือทั่วไป:l:General Books
บนชั้น
3. วิทยาศาสตร์การแพทย์ และสุขภาพ
วิทยาศาสตร์การแพทย์ และสุขภาพ
WY157 ก492 ฉ.3 
  Barcode: 29545
ห้องสมุดวิทยาเขตนครสวรรค์
►หนังสือทั่วไป:l:General Books
บนชั้น
4. วิทยาศาสตร์การแพทย์ และสุขภาพ
วิทยาศาสตร์การแพทย์ และสุขภาพ
WY157 ก492 ฉ.4 
  Barcode: 29546
ห้องสมุดวิทยาเขตนครสวรรค์
►หนังสือทั่วไป:l:General Books
บนชั้น
5. วิทยาศาสตร์การแพทย์ และสุขภาพ
วิทยาศาสตร์การแพทย์ และสุขภาพ
WY157 ก492 ฉ.5 
  Barcode: 29547
ห้องสมุดวิทยาเขตนครสวรรค์
►หนังสือทั่วไป:l:General Books
ถูกยืม กำหนดส่งวันที่ 15 พฤษภาคม 2569
  จอง

รายการใกล้เคียง
    หัวเรื่อง [ภาวะแทรกซ้อนขณะมีครรภ์]
    หัวเรื่อง [การผดุงครรภ์]
    หัวเรื่อง [การพยาบาล]
    หัวเรื่อง [การพยาบาลสูติศาสตร์]

BibComment


ยังไม่เคยถูกคอมเมนท์

คอมเมนท์ทรัพยากรรายการนี้
  คอมเมนท์: การพยาบาลและการผ..


 Copyright 2026. Bcnsprnw @Library